Childhood to adolescence : issues and concerns (Record no. 20312)

MARC details
000 -LEADER
fixed length control field 00575nam a2200217 a 4500
001 - CONTROL NUMBER
control field 158045
003 - CONTROL NUMBER IDENTIFIER
control field OSt
005 - DATE AND TIME OF LATEST TRANSACTION
control field 20211124152639.0
008 - FIXED-LENGTH DATA ELEMENTS--GENERAL INFORMATION
fixed length control field 200702 ### ENG
020 ## - INTERNATIONAL STANDARD BOOK NUMBER
International Standard Book Number 9789353436926
082 ## - DEWEY DECIMAL CLASSIFICATION NUMBER
Classification number 305.23
Item number D35C
245 ## - TITLE STATEMENT
Title Childhood to adolescence : issues and concerns
Statement of responsibility, etc by Sibnath Deb...[et.al.]
260 ## - PUBLICATION, DISTRIBUTION, ETC. (IMPRINT)
Place of publication, distribution, etc Noida
Name of publisher, distributor, etc Pearson India Education
Date of publication, distribution, etc 2020
300 ## - PHYSICAL DESCRIPTION
Extent 529p.
653 ## - INDEX TERM--UNCONTROLLED
Uncontrolled term Social Work
700 ## - ADDED ENTRY--PERSONAL NAME
Personal name Deb, Sibnath
700 ## - ADDED ENTRY--PERSONAL NAME
Personal name Bhadra, Subhasis
700 ## - ADDED ENTRY--PERSONAL NAME
Personal name Sunny, Aleena Maria
700 ## - ADDED ENTRY--PERSONAL NAME
Personal name Sahay, Seema
942 ## - ADDED ENTRY ELEMENTS (KOHA)
Source of classification or shelving scheme Dewey Decimal Classification
Koha item type Books
Holdings
Withdrawn status Lost status Damaged status Not for loan Collection code Home library Current library Date acquired Source of acquisition Total Checkouts Full call number Barcode Date last seen Date checked out Price effective from Koha item type
        General Text Book Central University Of Rajasthan Central University Of Rajasthan 02/07/2020 SCW 4 305.23 D35C 32921 21/02/2023 15/02/2023 02/09/2020 Books
        General Text Book Central University Of Rajasthan Central University Of Rajasthan 02/07/2020 SCW 1 305.23 D35C 32920 04/08/2025 08/12/2021 02/09/2020 Books